| 000 | 00431pab a2200181 454500 | ||
|---|---|---|---|
| 008 | 180718b2008 xxu||||| |||| 00| 0 eng d | ||
| 100 | _aSethy, Minakshi | ||
| 245 | _aStrengthening molestation law for women's safety in India | ||
| 260 | _c2008 | ||
| 300 | _ap.19-22. | ||
| 362 | _a8 Mar | ||
| 650 | _aWomen - India | ||
| 650 | _aWomen | ||
| 700 | _aSethy, Prabira | ||
| 773 | _aMainstream | ||
| 908 | _aN | ||
| 909 | _a77502 | ||
| 999 |
_c77502 _d77502 |
||